Harald Cramer : collected works
Αποθηκεύτηκε σε:
| Κύριος συγγραφέας: | |
|---|---|
| Άλλοι συγγραφείς: | |
| Μορφή: | Βιβλίο |
| Γλώσσα: | English |
| Δημοσίευση: |
Berlin ; Heidelberg :
Springer,
c1994
|
| Θέματα: | |
| Ετικέτες: |
Προσθήκη ετικέτας
Δεν υπάρχουν, Καταχωρήστε ετικέτα πρώτοι!
|
MARC
| LEADER | 00000nam a2200000 i 4500 | ||
|---|---|---|---|
| 001 | 1/92286 | ||
| 008 | 991111s1994 eng d | ||
| 020 | |a 0387566716 | ||
| 035 | |l 10053994 | ||
| 040 | |a GR-MY-UA |b gre |e aacr | ||
| 041 | 0 | |a eng | |
| 082 | 0 | |a 519.2 | |
| 100 | 1 | |a Cramer, Harald |d 1893- | |
| 245 | 1 | 0 | |a Harald Cramer : |b collected works / |c edited by Anders Martin-Lof |
| 246 | 3 | 3 | |a Collected works |
| 260 | |a Berlin ; Heidelberg : |b Springer, |c c1994 | ||
| 300 | |a 2 v.; |b ill.; |c 25 cm. | ||
| 500 | |a English, French, German and Italian | ||
| 500 | |a Includes bibliographical references | ||
| 650 | 0 | 0 | |a Mathematical statistics. |
| 650 | 0 | 0 | |a Stochastic processes. |
| 650 | 0 | 0 | |a Probabilities. |
| 700 | 1 | |a Martin-Lof, A. |q (Anders) |d 1940- |4 edt | |
| 852 | |a INST |b SAMOS |e 19991111 |h 519.2 CRA |p 005300017024 |q 005300017024 |t BK |y 0 |z v.1 | ||
| 852 | |a INST |b SAMOS |e 19991111 |h 519.2 CRA |p 005300017025 |q 005300017025 |t BK |y 0 |z v.2 | ||
| 852 | |a INST |b SAMOS |e 19991111 |h 519.2 CRA |p 005300017024 |q 005300017024 |t BK |v v.1: |y 0 |z v.1 | ||
| 852 | |a INST |b SAMOS |e 19991111 |h 519.2 CRA |p 005300017025 |q 005300017025 |t BK |v v.2: |y 0 |z v.2 | ||
| 853 | |a INST |b SAMOS |h 519.2 CRA | ||
| 901 | |a BIBL3-1999-3 | ||
| 909 | |a Σ |b 067339 | ||
| 909 | |a Σ |b 067338 | ||
| 922 | |a 3ΕΛΗ |b 199909 |c ΕΠΕΑΕΚ/ΜΑΘ |d ΠΑΠΑΣΩΤΗΡΙΟΥ | ||
| 970 | |a ΓΕΝΟΥΖΟΥ |b ΧΡΥΣΑΝΘΗ |z 1999/11/12 | ||